000 00544nam a2200193 i 4500
001 30375
003 ES-MaACL
005 20230906154201.0
007 t|
008 030124s1968 fr ||||1| fre d
020 _a2-02-002017-3
100 1 _aBarraud, Henry.
_925866
245 1 0 _aPour comprendre les musiques d'aujourd'hui /
_cHenry Barraud.
260 _a[París] :
_bSeuil,
_c[1968]
300 _a237 p. ;
_c19 cm +
_e1 disco : 33 rpm. ; 17 cm.
500 _aDiscografía.
500 _aIndice.
852 _aES-MaACL
_jD-420
_bR.114468
999 _c30375
_d30375